00611nam a2200181 a 450000100100000000500170001000800410002702000150006804000250008308200210010810000170012924501300014626000410027630000170031750000370033470000200037170000380039100003734720200930080315.0120328s1980 xxu 000 0 spa d a0538228601 aDO-SdBNPbspacBNPHU axxxxxxxbxxxxxxx1 aMatz, Adolph10aContabilidad de costos :bplanificación y control /cAdolph Matz, Milton F. Usry ; traducción Braulio Vásquez Gallardo. aCincinnati, :bSouth-Western,c1980. av. ;c24 cm. aLa biblioteca posee el volumen 21 aUsry, Milton F.1 aVásquez Gallardo, Braulio,etr.